Zmiznite, nepribližujte sa malé húsenice, veľké triky

Bibliographic Details
Main Author: Engeln, Henning (Author)
Format: Article
Language:Slovak
PhysicalDescription:Fotogr.
ISSN:1336-8001
Subjects:

MARC

LEADER 00000nab a2200000 ar4500
001 vtls008958594
003 SK-MaSNL
005 20260304212811.0
008 070326c2006 xo |||| | | 000 b|slo
015 |a SNBRB2007/03  |2 snkbucl 
038 |a SNKBUCL 
040 |a SNKBUCL  |b slo  |c SNKBUCL  |e AACR2 
041 1 |a slo 
044 |a xo  |c SK 
080 |a 591.34:595.7  |2 1997 
080 |a 595.78  |2 1997 
080 |a 632.7  |2 1997 
080 |a 591.65  |2 1997 
100 1 |a Engeln, Henning  |4 aut  |9 642025 
245 1 0 |a Zmiznite, nepribližujte sa  |b malé húsenice, veľké triky  |c Henning Engeln 
300 |b Fotogr. 
650 0 7 |a húsenice  |2 snkbucl  |9 31797 
773 0 |t GEO  |g Roč. 2, č. 6 (2006), s. 66-81  |x 1336-8001 
852 |a SNK  |b KIS3GCP 
999 |c 3133045  |d 3134975